000 00683cam a2200253 4500
001 M62
008 090401t1992 xxu||||| |||| 00| 0 eng d
035 _a(Sirsi) u39605
041 _aeng
050 _a690.2
090 _aRICS 1992/8A
100 _aKey, T.M.T.
245 _aQuality assurance: BS5750
260 _aLondon
_bRICS
_c1992
300 _a(6p) ; 30cm
350 _a0
520 _aRICS Rural Practice Division Council Meeting 17 February 1992 Agenda item 13
650 _aABOUT RICS-RICS MEMBERS
650 _aLAND AGENTS
690 _aMANAGEMENT-BUSINESS MANAGEMENT-PROFESSIONAL PRACTICE
690 _aRURAL PRACTICE
942 _n0
948 _c04/03/1997
999 _c90811
_d90811